[Event "Robecchetto op 23rd"]
[Site "Robecchetto"]
[Date "2012.12.30"]
[Round "6"]
[White "Coppola, Federico"]
[Black "Corti, Corrado"]
[Result "1/2-1/2"]
[WhiteElo "1940"]
[BlackElo "1979"]
[PlyCount "91"]
[EventDate "2012.12.27"]
[EventType "swiss"]
[EventRounds "6"]
[EventCountry "ITA"]
[SourceTitle "EXT 2014"]
[Source "ChessBase"]
[SourceDate "2013.11.20"]
[SourceVersion "1"]
[SourceVersionDate "2013.11.20"]
[SourceQuality "1"]

1. e4 e5 2. Nf3 d6 3. d4 exd4 4. Nxd4 Nf6 5. Nc3 Be7 6. Be2 0-0 7. 0-0 Bd7 8. Be3 Nc6 9. Nb3 Qc8 10. f4 Bg4 11. Kh1 h5 12. Nd4 Bxe2 13. Nxc6 bxc6 14. Qxe2 Ng4 15. Bd4 Re8 16. Rae1 Bh4 17. g3 Bf6 18. Bxf6 Nxf6 19. Kg2 Qb7 20. b3 Qb4 21. Qf3 Re7 22. Re2 Rae8 23. Rfe1 Qc5 24. h3 g6 25. Na4 Qa5 26. Nc3 Kg7 27. Qd3 Qc5 28. Na4 Qa5 29. Nc3 Re6 30. Kf3 Kg8 31. Rh1 Nd7 32. g4 h4 33. g5 f5 34. Rhe1 Nc5 35. Qd4 Nxe4 36. Nxe4 fxe4+ 37. Rxe4 Qf5 38. Rxe6 Qxh3+ 39. Kf2 Rxe6 40. Rxe6 Qxe6 41. Qxa7 Qe4 42. Qb8+ Kf7 43. Qxc7+ Ke6 44. Qc8+ Ke7 45. Qc7+ Ke6 46. Qc8+ 1/2-1/2

[Event "Robecchetto op 23rd"]
[Site "Robecchetto"]
[Date "2012.12.29"]
[Round "5"]
[White "Corti, Corrado"]
[Black "Lucchese, Paolo"]
[Result "1-0"]
[WhiteElo "1979"]
[BlackElo "1958"]
[PlyCount "59"]
[EventDate "2012.12.27"]
[EventType "swiss"]
[EventRounds "6"]
[EventCountry "ITA"]
[SourceTitle "EXT 2014"]
[Source "ChessBase"]
[SourceDate "2013.11.20"]
[SourceVersion "1"]
[SourceVersionDate "2013.11.20"]
[SourceQuality "1"]

1. d4 d5 2. Nf3 Nf6 3. e3 Bf5 4. Be2 c5 5. 0-0 Nbd7 6. c3 e6 7. Nbd2 Bd6 8. h3 h6 9. b3 0-0 10. Bb2 a6 11. Rc1 b5 12. Ba3 Qa5 13. Bxc5 Bxc5 14. dxc5 b4 15. cxb4 Qxb4 16. c6 Nb6 17. Nd4 Bg6 18. N2f3 Rfc8 19. Bd3 Qd6 20. Bxg6 fxg6 21. Qc2 Ne4 22. Rfd1 e5 23. Ne2 Qf6 24. Qb2 Re8 25. Nc3 Nxc3 26. Qxc3 e4 27. Nd4 Rec8 28. Qc5 Rab8 29. a4 Qe5 30. Qa5 1-0

[Event "Robecchetto op 22nd"]
[Site "Robecchetto"]
[Date "2011.12.28"]
[Round "2"]
[White "Corti, Corrado"]
[Black "Cocconcelli, Lorenzo"]
[Result "0-1"]
[WhiteElo "2002"]
[BlackElo "1900"]
[PlyCount "72"]
[EventDate "2011.12.27"]
[EventType "swiss"]
[EventRounds "6"]
[EventCountry "ITA"]
[SourceTitle "EXT 2014"]
[Source "ChessBase"]
[SourceDate "2013.11.20"]
[SourceVersion "1"]
[SourceVersionDate "2013.11.20"]
[SourceQuality "1"]

1. d4 d5 2. Nf3 Nf6 3. e3 e6 4. Bd3 c5 5. 0-0 c4 6. Be2 b5 7. a4 b4 8. Ne5 Qc7 9. f4 Nbd7 10. Bd2 Ne4 11. Be1 Ndf6 12. g4 h6 13. h4 g6 14. g5 Nd7 15. Nf3 a5 16. Kg2 Be7 17. Rh1 hxg5 18. hxg5 Rxh1 19. Kxh1 Bb7 20. Nfd2 Nd6 21. Bf2 f6 22. Qg1 fxg5 23. Bg4 0-0-0 24. Bxe6 Rh8+ 25. Kg2 gxf4 26. Nf3 Kb8 27. Nbd2 Ne4 28. Nxe4 dxe4 29. Nd2 Nb6 30. Kf1 c3 31. bxc3 Qxc3 32. Rd1 Qxc2 33. Qg4 fxe3 34. Bb3 Qd3+ 35. Kg2 exf2 36. Qf4+ Ka7 0-1

[Event "Robecchetto op 22nd"]
[Site "Robecchetto"]
[Date "2011.12.27"]
[Round "1"]
[White "Rambaldi, Francesco"]
[Black "Corti, Corrado"]
[Result "1-0"]
[WhiteElo "2211"]
[BlackElo "2002"]
[PlyCount "135"]
[EventDate "2011.12.27"]
[EventType "swiss"]
[EventRounds "6"]
[EventCountry "ITA"]
[SourceTitle "EXT 2014"]
[Source "ChessBase"]
[SourceDate "2013.11.20"]
[SourceVersion "1"]
[SourceVersionDate "2013.11.20"]
[SourceQuality "1"]

1. d4 d5 2. c4 e6 3. Nc3 Nf6 4. cxd5 exd5 5. Bg5 c6 6. Qc2 Be7 7. e3 Na6 8. Bxa6 bxa6 9. Nf3 h6 10. Bh4 Nd7 11. Bxe7 Qxe7 12. 0-0 0-0 13. Na4 Bb7 14. Ne1 Rab8 15. Nd3 Qe4 16. Qc3 Rfc8 17. Rac1 Qg6 18. b3 Ba8 19. Nac5 Nxc5 20. Nxc5 Rb6 21. Qa5 Bb7 22. Nxb7 Rxb7 23. Qxa6 Rcc7 24. Rc5 Rb6 25. Qe2 Re7 26. Rfc1 Re6 27. Ra5 Re7 28. Ra6 Reb7 29. Rxb6 Rxb6 30. Qd2 Qd6 31. Qa5 Qd7 32. g3 Qb7 33. Rc2 Ra6 34. Qc5 Rb6 35. h4 Qd7 36. Qa5 Qf5 37. Rc1 Qd7 38. Rc5 Qb7 39. Qc3 Qd7 40. Ra5 Qb7 41. Qc5 a6 42. Qa3 Qa7 43. Rc5 Qb7 44. Qc1 Qd7 45. Qc2 Qb7 46. Qc3 Qd7 47. b4 Qb7 48. a3 Qd7 49. Qc2 g6 50. Kg2 h5 51. e4 Qe6 52. e5 Kg7 53. Rc3 Qg4 54. Qd3 Qe6 55. Qe2 Qf5 56. Rf3 Qg4 57. Qd3 Qe4 58. Qxe4 dxe4 59. Re3 a5 60. bxa5 Ra6 61. Rxe4 Rxa5 62. Re3 Rd5 63. Rd3 c5 64. Kf3 c4 65. Rc3 Rxd4 66. Ke3 Rd5 67. Ke4 Ra5 68. Kd4 1-0

[Event "Senigallia Perini Memorial 3rd"]
[Site "Senigallia"]
[Date "2009.08.07"]
[Round "7"]
[White "Frontini, Fabio"]
[Black "Corti, Corrado"]
[Result "1-0"]
[WhiteElo "1943"]
[BlackElo "2045"]
[PlyCount "50"]
[EventDate "2009.08.01"]
[EventType "swiss"]
[EventRounds "9"]
[EventCountry "ITA"]
[SourceTitle "EXT 2010"]
[Source "ChessBase"]
[SourceDate "2010.11.25"]
[SourceVersion "1"]
[SourceVersionDate "2010.11.25"]
[SourceQuality "1"]

1. e4 e5 2. Nf3 d6 3. d4 exd4 4. Nxd4 Nf6 5. Bg5 Be7 6. Bxf6 Bxf6 7. c3 Nd7 8. Bd3 Nc5 9. Bc2 0-0 10. 0-0 Re8 11. Re1 Ne6 12. Qd3 g6 13. g3 c6 14. f4 Qb6 15. Nd2 Nxd4 16. cxd4 Qxd4+ 17. Kg2 Qxd3 18. Bxd3 Bxb2 19. Rab1 Bc3 20. Re2 d5 21. e5 Bg4 22. Nf3 b6 23. Rc2 d4 24. h4 Kg7 25. h5 b5 1-0

[Event "Robecchetto op-A 18th"]
[Site "Robecchetto"]
[Date "2007.12.29"]
[Round "5"]
[White "Corti, Corrado"]
[Black "Barlocco, Carlo"]
[Result "0-1"]
[WhiteElo "2038"]
[BlackElo "2134"]
[PlyCount "162"]
[EventDate "2007.12.27"]
[EventType "swiss"]
[EventRounds "6"]
[EventCountry "ITA"]
[SourceTitle "EXT 2011"]
[Source "ChessBase"]
[SourceDate "2010.11.26"]
[SourceVersion "1"]
[SourceVersionDate "2010.11.26"]
[SourceQuality "1"]

1. d4 Nf6 2. g3 d5 3. Bg2 Bf5 4. Nf3 e6 5. 0-0 h6 6. Nbd2 Be7 7. b3 0-0 8. Bb2 c5 9. c3 Nc6 10. Rc1 b5 11. c4 bxc4 12. bxc4 Qb6 13. Qb3 Nxd4 14. Nxd4 cxd4 15. cxd5 Nxd5 16. Rc4 Bf6 17. Ne4 Bxe4 18. Bxe4 Rab8 19. Qxb6 Nxb6 20. Rb4 Nc4 21. Rxc4 Rxb2 22. Bd3 Rxa2 23. Rfc1 Ra3 24. Rc8 g6 25. Rxf8+ Kxf8 26. Rc8+ Kg7 27. Ra8 Be7 28. g4 Bc5 29. Kg2 f5 30. h3 Kf6 31. f3 Bd6 32. Rd8 Ke7 33. Rg8 Kf7 34. Rd8 Be5 35. Bc4 Rc3 36. Rd7+ Kf6 37. Bd3 a5 38. Ra7 Rc5 39. Ra6 Bf4 40. Kf2 fxg4 41. fxg4 h5 42. Kf3 Bd2 43. Be4 hxg4+ 44. hxg4 Re5 45. Ra8 g5 46. Ra7 Rc5 47. Ra6 Ke5 48. Bd3 Rc1 49. Kg2 Kd5 50. Ra8 e5 51. Rd8+ Kc5 52. Rc8+ Kb4 53. Rb8+ Ka4 54. Ra8 Kb3 55. Bf5 Rc6 56. Kf3 a4 57. Ke4 a3 58. Kxe5 a2 59. Be6+ Rxe6+ 60. Kxe6 Bc3 61. Kf5 a1Q 62. Rxa1 Bxa1 63. Kxg5 Kc2 64. Kf4 Kd2 65. Kf3 Bb2 66. g5 Ba3 67. Ke4 Kc3 68. g6 Bf8 69. Kf3 Kd2 70. Ke4 Bg7 71. Kf3 Kc3 72. Kf2 Kc4 73. Kf3 Kd5 74. Kf4 Bf8 75. Kf3 Bh6 76. Kg4 Ke4 77. Kh5 Bg7 78. Kg5 Ke3 79. Kf5 Kxe2 80. Ke6 d3 81. Kf7 Bd4 0-1

[Event "Robecchetto op"]
[Site "Robecchetto"]
[Date "2006.12.27"]
[Round "2"]
[White "Caselli, Luigi"]
[Black "Corti, Corrado"]
[Result "1/2-1/2"]
[WhiteElo "2266"]
[BlackElo "2048"]
[PlyCount "49"]
[EventDate "2006.12.27"]
[EventType "swiss"]
[EventRounds "6"]
[EventCountry "ITA"]
[SourceTitle "CBM 116 Extra"]
[Source "ChessBase"]
[SourceDate "2007.03.07"]
[SourceVersion "1"]
[SourceVersionDate "2007.03.07"]
[SourceQuality "1"]

1. d4 d5 2. c4 e6 3. cxd5 exd5 4. Nc3 c6 5. Bf4 Nf6 6. e3 Bf5 7. Bd3 Bxd3 8. Qxd3 Be7 9. Nge2 Nbd7 10. 0-0 0-0 11. f3 Nh5 12. e4 Nxf4 13. Nxf4 dxe4 14. fxe4 Qb6 15. Rf2 Rad8 16. Qc4 Nf6 17. Nfe2 Ng4 18. Rf4 Ne5 19. Qb3 Ng6 20. Qxb6 axb6 21. Rf3 Rd7 22. g3 Re8 23. Kg2 Nf8 24. d5 Bf6 25. Rd1 1/2-1/2

[Event "Robecchetto op"]
[Site "Robecchetto"]
[Date "2006.12.27"]
[Round "1"]
[White "Corti, Corrado"]
[Black "Schingaro, Angelo"]
[Result "1/2-1/2"]
[WhiteElo "2048"]
[BlackElo "1704"]
[PlyCount "50"]
[EventDate "2006.12.27"]
[EventType "swiss"]
[EventRounds "6"]
[EventCountry "ITA"]
[SourceTitle "CBM 116 Extra"]
[Source "ChessBase"]
[SourceDate "2007.03.07"]
[SourceVersion "1"]
[SourceVersionDate "2007.03.07"]
[SourceQuality "1"]

1. d4 Nf6 2. g3 g6 3. Bg2 Bg7 4. e4 d6 5. Ne2 Nbd7 6. c3 0-0 7. 0-0 e5 8. d5 a5 9. c4 Nc5 10. Nbc3 a4 11. f3 Nfd7 12. Rb1 Nb6 13. b3 axb3 14. axb3 Na6 15. Be3 Nb4 16. Nb5 Ra2 17. Nc1 Ra8 18. c5 Bd7 19. Qe2 N6xd5 20. exd5 Nxd5 21. Bd2 dxc5 22. Nc3 Bc6 23. Rd1 Qe7 24. Nxd5 Bxd5 25. Be3 Bc6 1/2-1/2

[Event "Robecchetto op-A"]
[Site "Robecchetto"]
[Date "2005.12.29"]
[Round "5"]
[White "Corti, Corrado"]
[Black "Caselli, Luigi"]
[Result "1/2-1/2"]
[WhiteElo "2067"]
[BlackElo "2286"]
[PlyCount "59"]
[EventDate "2005.12.27"]
[EventType "swiss"]
[EventRounds "6"]
[EventCountry "ITA"]
[SourceTitle "CBM 110 Extra"]
[Source "ChessBase"]
[SourceDate "2006.03.10"]
[SourceVersion "2"]
[SourceVersionDate "2006.03.10"]
[SourceQuality "1"]

1. d4 c5 2. d5 e5 3. e4 d6 4. Bd3 Be7 5. Ne2 Nf6 6. c4 0-0 7. 0-0 Ne8 8. f4 exf4 9. Nxf4 Nd7 10. Nd2 Ne5 11. Bc2 Bf6 12. Rb1 Bd7 13. b3 Qe7 14. Nd3 Bg4 15. Qe1 Bh4 16. g3 Bf6 17. Nxe5 Bxe5 18. Nf3 Bxf3 19. Rxf3 Nc7 20. Qf1 Na6 21. Bd2 Nb8 22. Qh3 Nd7 23. Kh1 g6 24. Rbf1 Bg7 25. Bf4 a6 26. a4 b6 27. Bd3 Ra7 28. R3f2 Ne5 29. Bxe5 Qxe5 30. Qg4 1/2-1/2

[Event "Olomouc op"]
[Site "Olomouc"]
[Date "2004.07.05"]
[Round "1"]
[White "Corti, Corrado"]
[Black "Neelotpal, Das"]
[Result "0-1"]
[WhiteElo "2020"]
[BlackElo "2448"]
[PlyCount "76"]
[EventDate "2004.07.05"]
[EventType "swiss"]
[EventRounds "9"]
[EventCountry "CZE"]
[SourceTitle "CBM 101 Extra"]
[Source "ChessBase"]
[SourceDate "2004.09.01"]
[SourceVersion "2"]
[SourceVersionDate "2004.09.01"]
[SourceQuality "1"]

1. d4 Nf6 2. g3 d5 3. Bg2 c6 4. Nf3 Bf5 5. 0-0 e6 6. Nbd2 Nbd7 7. b3 Bd6 8. Bb2 a5 9. a4 0-0 10. c4 h6 11. c5 Bc7 12. Rc1 Qb8 13. Ne1 e5 14. dxe5 Nxe5 15. Ndf3 Nfd7 16. Nd4 Bh7 17. Bh3 Nf6 18. Bf5 Re8 19. Bxh7+ Nxh7 20. Nef3 Qc8 21. Kg2 Nf6 22. Qc2 Ne4 23. Nxe5 Rxe5 24. h4 Qg4 25. Qd3 Qg6 26. Rc2 Rh5 27. Rh1 f5 28. Qf3 Rf8 29. Rh3 f4 30. g4 Bd8 31. Ne6 Rxh4 32. Rxh4 Qxe6 33. Rh5 Ng5 34. Rxg5 Bxg5 35. Rd2 Bd8 36. Rd3 Bf6 37. Bxf6 Rxf6 38. Qh3 Qxe2 0-1

[Event "Porto San Giorgio op 13th"]
[Site "Porto San Giorgio"]
[Date "2001.08.23"]
[Round "3"]
[White "Scalcione, Michelangelo"]
[Black "Corti, Corrado"]
[Result "1-0"]
[WhiteElo "2249"]
[BlackElo "2034"]
[PlyCount "59"]
[EventDate "2001.08.21"]
[EventType "swiss"]
[EventRounds "9"]
[EventCountry "ITA"]
[SourceTitle "EXT 2002"]
[Source "ChessBase"]
[SourceDate "2001.11.25"]
[SourceVersion "1"]
[SourceVersionDate "2001.11.25"]
[SourceQuality "1"]

1. Nf3 d5 2. d4 Nf6 3. c4 e6 4. Nc3 c6 5. Bg5 Be7 6. e3 Nbd7 7. Qc2 h6 8. Bf4 Qa5 9. Nd2 Bb4 10. Bd3 0-0 11. 0-0 Nh5 12. c5 Nxf4 13. exf4 Qd8 14. Nf3 Bxc3 15. Qxc3 Qf6 16. g3 Re8 17. b4 a6 18. a4 Nb8 19. b5 axb5 20. axb5 Rxa1 21. Rxa1 cxb5 22. Ne5 Qd8 23. Bxb5 Bd7 24. Nxd7 Nxd7 25. Ra7 Qc7 26. Qa5 Qc8 27. Qa4 Rd8 28. Bxd7 Qxd7 29. Qxd7 Rxd7 30. c6 1-0

[Event "Como Province-ch"]
[Site "Como"]
[Date "2001.02.09"]
[Round "5"]
[White "Buonocore, Elio"]
[Black "Corti, Corrado"]
[Result "1-0"]
[WhiteElo "2091"]
[BlackElo "2034"]
[PlyCount "101"]
[EventDate "2001.01.12"]
[EventType "swiss"]
[EventRounds "8"]
[EventCountry "ITA"]
[SourceTitle "EXT 2023"]
[Source "ChessBase"]
[SourceDate "2022.10.05"]
[SourceVersion "1"]
[SourceVersionDate "2022.10.05"]
[SourceQuality "1"]

1. e4 c5 2. c3 e6 3. d4 cxd4 4. cxd4 d5 5. e5 Nc6 6. Nf3 Bb4+ 7. Nc3 Nge7 8. Bd3 Bd7 9. 0-0 a6 10. Be3 Ng6 11. a3 Be7 12. g3 f5 13. exf6 gxf6 14. Nh4 f5 15. Ng2 Bg5 16. f4 Bf6 17. Ne2 0-0 18. Kh1 Rc8 19. Ne1 Na5 20. b3 Qb6 21. Rb1 Be7 22. Bc1 Rc7 23. Nf3 Nc6 24. Rg1 Kh8 25. h3 Bf6 26. g4 Nce7 27. g5 Bg7 28. h4 h5 29. Ng3 Be8 30. Nxh5 Ng8 31. Ng3 N6e7 32. h5 Rf7 33. Rg2 Nc6 34. h6 Bxh6 35. gxh6 Nf6 36. Ng5 Rfe7 37. Be2 Ng4 38. Bxg4 fxg4 39. Qxg4 Bg6 40. Nf7+ Rxf7 41. Qxg6 Rcd7 42. Nh5 Qd8 43. Qg5 Qf8 44. Be3 Rf5 45. Qg7+ Qxg7 46. hxg7+ Kg8 47. Rh2 Ne7 48. Rg1 Rf7 49. Nf6+ Rxf6 50. Rh8+ Kf7 51. Rf8# 1-0

[Event "Genova op 4th"]
[Site "Genova"]
[Date "2000.08.13"]
[Round "9"]
[White "Corti, Corrado"]
[Black "De Santis, Alessio"]
[Result "0-1"]
[WhiteElo "1789"]
[BlackElo "2309"]
[PlyCount "66"]
[EventDate "2000.08.07"]
[EventType "swiss"]
[EventRounds "11"]
[EventCountry "ITA"]
[SourceTitle "EXT 2024"]
[Source "ChessBase"]
[SourceDate "2023.10.10"]
[SourceVersion "1"]
[SourceVersionDate "2023.10.10"]
[SourceQuality "1"]

1. e4 c5 2. Nf3 e6 3. d4 cxd4 4. Nxd4 Nc6 5. Be2 Qc7 6. Nxc6 bxc6 7. 0-0 Nf6 8. Nd2 d5 9. exd5 cxd5 10. b3 Bd6 11. h3 0-0 12. Bb2 e5 13. Rc1 Qa5 14. c4 d4 15. Qc2 Bb7 16. c5 Rac8 17. Nc4 Qxc5 18. Ba3 Qd5 19. Bf3 e4 20. Bxd6 exf3 21. Rfe1 d3 22. Qd2 Ne4 23. Rxe4 Qxe4 24. Bxf8 Rxf8 25. Qe3 Qg6 26. g3 Qh5 27. Nd2 Qxh3 28. Nxf3 Qh5 29. Nh2 Qh3 30. Nf3 d2 31. Rd1 Qh5 32. Kg2 g5 33. Rxd2 g4 0-1

[Event "Genova op 4th"]
[Site "Genova"]
[Date "2000.08.13"]
[Round "8"]
[White "Lettich, Sergio"]
[Black "Corti, Corrado"]
[Result "1/2-1/2"]
[WhiteElo "2078"]
[BlackElo "1789"]
[PlyCount "44"]
[EventDate "2000.08.07"]
[EventType "swiss"]
[EventRounds "11"]
[EventCountry "ITA"]
[SourceTitle "EXT 2024"]
[Source "ChessBase"]
[SourceDate "2023.10.10"]
[SourceVersion "1"]
[SourceVersionDate "2023.10.10"]
[SourceQuality "1"]

1. d4 d5 2. c4 e6 3. Nc3 Nf6 4. Bg5 Be7 5. e3 0-0 6. Nf3 Nbd7 7. Bd3 dxc4 8. Bxc4 b6 9. Rc1 Bb7 10. 0-0 Rc8 11. Qe2 c5 12. Bd3 Re8 13. Rfe1 h6 14. Bh4 Nd5 15. Bg3 N7f6 16. h3 Bd6 17. Bxd6 Qxd6 18. dxc5 Rxc5 19. Nb5 Qb8 20. Rxc5 bxc5 21. Rc1 Rc8 22. Na3 Nb4 1/2-1/2

[Event "Genova op 4th"]
[Site "Genova"]
[Date "2000.08.10"]
[Round "5"]
[White "Corti, Corrado"]
[Black "Barberi, Alessandro"]
[Result "0-1"]
[WhiteElo "1789"]
[BlackElo "2113"]
[PlyCount "108"]
[EventDate "2000.08.07"]
[EventType "swiss"]
[EventRounds "11"]
[EventCountry "ITA"]
[SourceTitle "EXT 2024"]
[Source "ChessBase"]
[SourceDate "2023.10.10"]
[SourceVersion "1"]
[SourceVersionDate "2023.10.10"]
[SourceQuality "1"]

1. e4 c5 2. Nf3 d6 3. d4 cxd4 4. Nxd4 Nf6 5. Nc3 g6 6. g3 Bg7 7. Bg2 0-0 8. 0-0 Nc6 9. Nf3 Rb8 10. Re1 Qa5 11. Nd5 h6 12. c3 Kh7 13. Qc2 Be6 14. Nxf6+ Bxf6 15. Be3 Rfc8 16. Qd2 Bg7 17. Nd4 Nxd4 18. Bxd4 Bxd4 19. Qxd4 Rc4 20. Qe3 Ra4 21. a3 Qb5 22. Qd2 Bb3 23. Bf1 Qc5 24. Bd3 b5 25. Bc2 Qc4 26. Bxb3 Qxb3 27. Qd5 Qxd5 28. exd5 Rb7 29. Re3 Kg7 30. Rae1 Kf8 31. Re4 Rc4 32. Kg2 a5 33. g4 Rc5 34. Rd1 Kg7 35. Rd3 g5 36. Kg3 Rc4 37. Rde3 Rxe4 38. Rxe4 Kf6 39. f4 e6 40. h4 gxf4+ 41. Kxf4 e5+ 42. Kf3 Rc7 43. Re2 Rc5 44. Rd2 Rc4 45. Kg3 Rf4 46. b3 Rf1 47. Rf2+ Rxf2 48. Kxf2 e4 49. Ke3 Ke5 50. c4 a4 51. bxa4 bxc4 52. g5 h5 53. a5 Kxd5 54. a6 Kc6 0-1

[Event "Genova op 3rd"]
[Site "Genova"]
[Date "1999.08.16"]
[Round "11"]
[White "Corti, Corrado"]
[Black "Lettich, Sergio"]
[Result "1-0"]
[WhiteElo "1747"]
[BlackElo "2182"]
[PlyCount "62"]
[EventDate "1999.08.09"]
[EventType "swiss"]
[EventRounds "11"]
[EventCountry "ITA"]
[SourceTitle "EXT 2024"]
[Source "ChessBase"]
[SourceDate "2023.10.10"]
[SourceVersion "1"]
[SourceVersionDate "2023.10.10"]
[SourceQuality "1"]

1. e4 c5 2. Nf3 d6 3. d4 cxd4 4. Nxd4 Nf6 5. Nc3 a6 6. Bg5 e6 7. Qd2 Be7 8. f4 Qc7 9. 0-0-0 Nbd7 10. Be2 b5 11. Bf3 Bb7 12. Rhe1 0-0 13. e5 dxe5 14. fxe5 Nxe5 15. Rxe5 Qxe5 16. Bxb7 Rad8 17. Nc6 Rxd2 18. Nxe5 Rxd1+ 19. Nxd1 h6 20. Be3 a5 21. Nc6 Bd6 22. h3 a4 23. Nc3 a3 24. Nxb5 axb2+ 25. Kxb2 Nd5 26. Bf2 Bf4 27. Bc5 Re8 28. Nd6 Bxd6 29. Bxd6 f6 30. a4 Nb6 31. Kb3 Nc8 1-0

[Event "Genova op 3rd"]
[Site "Genova"]
[Date "1999.08.14"]
[Round "8"]
[White "Cecchetto, Vanni"]
[Black "Corti, Corrado"]
[Result "0-1"]
[WhiteElo "1594"]
[BlackElo "1747"]
[PlyCount "100"]
[EventDate "1999.08.09"]
[EventType "swiss"]
[EventRounds "11"]
[EventCountry "ITA"]
[SourceTitle "EXT 2024"]
[Source "ChessBase"]
[SourceDate "2023.10.10"]
[SourceVersion "1"]
[SourceVersionDate "2023.10.10"]
[SourceQuality "1"]

1. d4 d5 2. c4 e6 3. Nc3 c6 4. Nf3 Nf6 5. Bf4 Bd6 6. Bxd6 Qxd6 7. e3 0-0 8. c5 Qc7 9. Ne5 Nbd7 10. f4 Nxe5 11. fxe5 Ne8 12. Bd3 f5 13. 0-0 Qe7 14. Qf3 Nc7 15. g4 Bd7 16. gxf5 exf5 17. Kh1 Kh8 18. Qg3 Rf7 19. Ne2 Raf8 20. Rg1 Bc8 21. Nf4 Ne6 22. Qh3 Kg8 23. Qg3 Kh8 24. Raf1 Nxf4 25. exf4 g6 26. Qg5 Qc7 27. b4 a5 28. a3 b6 29. bxa5 bxc5 30. dxc5 Qxa5 31. Qh4 Rg8 32. Qf2 Qxa3 33. Qd4 Ba6 34. e6+ Rfg7 35. Bxa6 Qxa6 36. Rb1 Qc4 37. Qf6 Qe4+ 38. Rg2 Qxb1+ 39. Rg1 Qe4+ 40. Rg2 Re8 41. e7 Qxe7 42. Qxc6 Rb8 43. h3 Qe4 44. Qd6 Rc8 45. Kh2 Qe7 46. Qxd5 Qxc5 47. Qe6 Qc4 48. Qe5 Qc3 49. Qe6 Rd8 50. Qa2 Rgd7 0-1